50 Largest Canadian Cities/Towns - Statistics

General Stats
  • This quiz has been taken 48 times
  • The average score is 28 of 50
Answer Stats
Population City/Town % Correct
2,794,356 Toronto
100%
1,306,784 Calgary
97%
1,010,899 Edmonton
97%
1,762,949 Montreal
97%
662,248 Vancouver
97%
749,607 Winnipeg
92%
439,819 Halifax
89%
1,017,449 Ottawa
89%
226,404 Regina
84%
569,353 Hamilton
82%
549,459 Quebec City
82%
266,141 Saskatoon
82%
110,525 St.Johns
82%
717,961 Mississauga
71%
229,660 Windsor
68%
422,324 London
63%
256,885 Kitchener
61%
656,480 Brampton
55%
132,485 Kingston
55%
438,366 Laval
55%
166,004 Greater Sudbury
53%
175,383 Oshawa
53%
139,163 Trois-Rivières
53%
143,740 Guelph
50%
121,436 Waterloo
50%
291,041 Gatineau
47%
172,950 Sherbrooke
47%
147,829 Barrie
45%
186,948 Burlington
45%
249,125 Burnaby
45%
338,503 Markham
45%
568,322 Surrey
45%
323,103 Vaughan
45%
153,524 Abbotsford
42%
254,483 Longueuil
42%
209,937 Richmond
42%
144,576 Kelowna
39%
213,759 Oakville
39%
126,666 Ajax
37%
202,022 Richmond Hill
34%
136,803 St.Catharines
34%
138,479 Cambridge
32%
149,683 Lévis
32%
132,979 Milton
32%
138,501 Whitby
32%
148,625 Coquitlam
29%
132,603 Langley
29%
117,735 Saanich
26%
144,723 Saguenay
21%
119,944 Terrebonne
21%
No matching quizzes found
Score Distribution
Percent of People with Each Score
Percentile by Number Answered
Your Score History
You have not taken this quiz